000
00465nam a2200181Ia 4500
008
100917s9999 xx 000 0 und d
082
_b
8683
100
_a
फडके ना. सी.
245
_a
प्रतिज्ञा
260
_b
---
300
_a
263
365
_b
6.5
520
_a
कादंबरी
630
_a
प्रतिज्ञा
650
_a
कादंबरी
730
_a
प्रतिज्ञा
942
_c
BOOK
999
_c
614077
_d
614074